<?xml version="1.0" encoding="UTF-8"?>
<record
    xmlns:xsi="http://www.w3.org/2001/XMLSchema-instance"
    xsi:schemaLocation="http://www.loc.gov/MARC21/slim http://www.loc.gov/standards/marcxml/schema/MARC21slim.xsd"
    xmlns="http://www.loc.gov/MARC21/slim">

  <leader>01429    a2200241   4500</leader>
  <controlfield tag="003">NALT</controlfield>
  <controlfield tag="005">20210622142603.0</controlfield>
  <controlfield tag="008">180808b        th ||||| |||| 00| 0 tha d</controlfield>
  <datafield tag="020" ind1=" " ind2=" ">
    <subfield code="a">9771905347033</subfield>
  </datafield>
  <datafield tag="040" ind1=" " ind2=" ">
    <subfield code="a">NALT</subfield>
  </datafield>
  <datafield tag="050" ind1=" " ind2=" ">
    <subfield code="a">DS 586 </subfield>
    <subfield code="b">&#xE14;915 2560</subfield>
  </datafield>
  <datafield tag="245" ind1="0" ind2="0">
    <subfield code="a">The majestic splendour :</subfield>
    <subfield code="b">&#xE23;&#xE26;&#xE01;&#xE27;&#xE31;&#xE19;&#xE27;&#xE32;&#xE19; &#xE2A;&#xE16;&#xE32;&#xE19;&#xE41;&#xE2B;&#xE48;&#xE07;&#xE1B;&#xE23;&#xE30;&#xE27;&#xE31;&#xE15;&#xE34;&#xE28;&#xE32;&#xE2A;&#xE15;&#xE23;&#xE4C; &#xE1A;&#xE23;&#xE21;&#xE19;&#xE32;&#xE16;&#xE1A;&#xE1E;&#xE34;&#xE15;&#xE23; /</subfield>
    <subfield code="c">&#xE20;&#xE32;&#xE1E;&#xE1B;&#xE23;&#xE30;&#xE01;&#xE2D;&#xE1A;&#xE42;&#xE14;&#xE22; &#xE1E;&#xE34;&#xE18;&#xE32;&#xE19; &#xE40;&#xE15;&#xE0A;&#xE30;&#xE19;&#xE34;&#xE15;&#xE34; &#xE41;&#xE25;&#xE30;&#xE42;&#xE2D;-&#xE18;&#xE35;&#xE23;&#xE27;&#xE31;&#xE12;&#xE19;&#xE4C; &#xE40;&#xE11;&#xE35;&#xE22;&#xE23;&#xE06;&#xE1B;&#xE23;&#xE30;&#xE2A;&#xE34;&#xE17;&#xE18;&#xE34;&#xE4C;.</subfield>
  </datafield>
  <datafield tag="246" ind1="1" ind2="4">
    <subfield code="a">&#xE23;&#xE26;&#xE01;&#xE27;&#xE31;&#xE19;&#xE27;&#xE32;&#xE19; &#xE2A;&#xE16;&#xE32;&#xE19;&#xE41;&#xE2B;&#xE48;&#xE07;&#xE1B;&#xE23;&#xE30;&#xE27;&#xE31;&#xE15;&#xE34;&#xE28;&#xE32;&#xE2A;&#xE15;&#xE23;&#xE4C; &#xE1A;&#xE23;&#xE21;&#xE19;&#xE32;&#xE16;&#xE1A;&#xE1E;&#xE34;&#xE15;&#xE23;</subfield>
  </datafield>
  <datafield tag="260" ind1=" " ind2=" ">
    <subfield code="a">&#xE01;&#xE23;&#xE38;&#xE07;&#xE40;&#xE17;&#xE1E;&#xE2F; : </subfield>
    <subfield code="b">&#xE42;&#xE1E;&#xE2A;&#xE15;&#xE4C; &#xE2D;&#xE34;&#xE19;&#xE40;&#xE15;&#xE2D;&#xE23;&#xE4C;&#xE40;&#xE19;&#xE0A;&#xE31;&#xE48;&#xE19;&#xE41;&#xE19;&#xE25; &#xE21;&#xE35;&#xE40;&#xE14;&#xE35;&#xE22;,</subfield>
    <subfield code="c">[2560].</subfield>
  </datafield>
  <datafield tag="300" ind1=" " ind2=" ">
    <subfield code="a">106 &#xE2B;&#xE19;&#xE49;&#xE32; :</subfield>
    <subfield code="b">&#xE20;&#xE32;&#xE1E;&#xE1B;&#xE23;&#xE30;&#xE01;&#xE2D;&#xE1A; ;</subfield>
    <subfield code="c">22 &#xE0B;&#xE21;.</subfield>
  </datafield>
  <datafield tag="600" ind1="0" ind2="4">
    <subfield code="a">&#xE20;&#xE39;&#xE21;&#xE34;&#xE1E;&#xE25;&#xE2D;&#xE14;&#xE38;&#xE25;&#xE22;&#xE40;&#xE14;&#xE0A;,</subfield>
    <subfield code="c">&#xE1E;&#xE23;&#xE30;&#xE1A;&#xE32;&#xE17;&#xE2A;&#xE21;&#xE40;&#xE14;&#xE47;&#xE08;&#xE1E;&#xE23;&#xE30;&#xE1B;&#xE23;&#xE21;&#xE34;&#xE19;&#xE17;&#xE23;&#xE21;&#xE2B;&#xE32;,</subfield>
    <subfield code="d">2470-2559</subfield>
    <subfield code="x">&#xE1E;&#xE23;&#xE30;&#xE23;&#xE32;&#xE0A;&#xE01;&#xE23;&#xE13;&#xE35;&#xE22;&#xE01;&#xE34;&#xE08;</subfield>
    <subfield code="9">4809</subfield>
  </datafield>
  <datafield tag="650" ind1=" " ind2="4">
    <subfield code="9">30076</subfield>
    <subfield code="a">&#xE2D;&#xE32;&#xE04;&#xE32;&#xE23; </subfield>
    <subfield code="x">&#xE20;&#xE32;&#xE1E; </subfield>
  </datafield>
  <datafield tag="700" ind1="0" ind2=" ">
    <subfield code="9">30077</subfield>
    <subfield code="a">&#xE1E;&#xE34;&#xE18;&#xE32;&#xE19; &#xE40;&#xE15;&#xE0A;&#xE30;&#xE19;&#xE34;&#xE15;  </subfield>
  </datafield>
  <datafield tag="700" ind1="0" ind2=" ">
    <subfield code="9">30078</subfield>
    <subfield code="a">&#xE18;&#xE35;&#xE23;&#xE27;&#xE31;&#xE12;&#xE19;&#xE4C; &#xE40;&#xE11;&#xE35;&#xE22;&#xE23;&#xE06;&#xE1B;&#xE23;&#xE30;&#xE2A;&#xE34;&#xE17;&#xE18;&#xE34;&#xE4C;  </subfield>
  </datafield>
  <datafield tag="850" ind1=" " ind2=" ">
    <subfield code="a">NALT</subfield>
  </datafield>
  <datafield tag="942" ind1=" " ind2=" ">
    <subfield code="2">lcc</subfield>
    <subfield code="c">GB</subfield>
  </datafield>
  <datafield tag="998" ind1=" " ind2=" ">
    <subfield code="a">phon</subfield>
    <subfield code="b">phon</subfield>
    <subfield code="c">phon</subfield>
    <subfield code="j">104</subfield>
    <subfield code="k"> &#xE2A;&#xE32;&#xE22;&#xE1D;&#xE19; &#xE14;&#xE35;&#xE07;&#xE32;&#xE21;</subfield>
  </datafield>
  <datafield tag="999" ind1=" " ind2=" ">
    <subfield code="c">95055</subfield>
    <subfield code="d">95055</subfield>
  </datafield>
  <datafield tag="952" ind1=" " ind2=" ">
    <subfield code="0">0</subfield>
    <subfield code="1">0</subfield>
    <subfield code="2">lcc</subfield>
    <subfield code="4">0</subfield>
    <subfield code="7">0</subfield>
    <subfield code="8">CGBL</subfield>
    <subfield code="a">NALT</subfield>
    <subfield code="b">NALT</subfield>
    <subfield code="d">2018-08-01</subfield>
    <subfield code="e">59</subfield>
    <subfield code="l">0</subfield>
    <subfield code="o">DS 586  &#xE14;915 2560</subfield>
    <subfield code="p">3961208555</subfield>
    <subfield code="r">2018-08-22 00:00:00</subfield>
    <subfield code="t">&#xE09;.1</subfield>
    <subfield code="w">2018-08-01</subfield>
    <subfield code="y">GB</subfield>
  </datafield>
  <datafield tag="952" ind1=" " ind2=" ">
    <subfield code="0">0</subfield>
    <subfield code="1">0</subfield>
    <subfield code="2">lcc</subfield>
    <subfield code="4">0</subfield>
    <subfield code="7">0</subfield>
    <subfield code="8">CGBL</subfield>
    <subfield code="a">NALT</subfield>
    <subfield code="b">NALT</subfield>
    <subfield code="d">2018-08-01</subfield>
    <subfield code="e">59</subfield>
    <subfield code="l">0</subfield>
    <subfield code="o">DS 586  &#xE14;915 2560</subfield>
    <subfield code="p">3961208554</subfield>
    <subfield code="r">2018-08-22 00:00:00</subfield>
    <subfield code="t">&#xE09;.2</subfield>
    <subfield code="w">2018-08-01</subfield>
    <subfield code="y">GB</subfield>
  </datafield>
</record>
